000 00307nam a22001217a 4500
040 _cHS
082 _a570
100 _aអេង លេង
245 _aស្ថិតិអាជីវកម្ម Statistique de l'exploitation
260 _aRUA
_bអេង លេង
_c2000
300 _a83p;
942 _cKB
999 _c9187
_d9187